000 00693nam a2200265Ia 4500
003 OSt
005 20220912145027.0
006 a|||||r|||| 00| 0
007 ta
008 220909b |||||||| |||| 00| 0 eng d
024 _a66938
037 _cTextual
040 _aCSL
_beng
_cCSL
041 _aeng
082 _aB28, J2;L6.3
100 _aKendall Maurice
245 0 _aAdvanced theory of statistics
260 _aLondon
_bCharles Griffin
_c1976
300 _ax, 585p.
_ccm.
500 _aAppendix 531-542p.
650 _aStatistics
700 _a Stuart Alan
942 _hB28, J2;L6.3
_cTEXL
_2CC
999 _c21247
_d21247